Personnalités ayant inventé des mots de la langue française - Statistiques

Statistiques générales
  • Ce quiz a été pris 101 fois
  • Le résultat moyen est 6 sur 11
Statistiques - réponses
Mots inventés Prénom Nom de Famille % Correct
Spleen Charles Baudelaire
79%
Trublion, Xénophobe Anatole France
78%
Tube (en musique) Boris Vian
69%
Blablater Louis-Ferdinand Céline
67%
Azote, Hydrogène, Oxydation, Oxygène Antoine Lavoisier
65%
Bizarroïde Marcel Proust
58%
Surréalisme Guillaume Apollinaire
55%
Cubisme Henri Matisse
42%
Modernité François-René de Chateaubriand
40%
Anicroche, Automate, Gymnaste, Haltère, Indigène, Quintessence, etc. François Rabelais
35%
Ubuesque Alfred Jarry
34%
Aucun quiz correspondant
Distribution des résultats
% des personnes avec chaque résultat
Percentile par nombre de réponses
Votre historique - résultats
Vous n’avez pas pris ce quiz